000 01293nam0a2200289 4500
001 RU\NLR\BIBL_A\011594552
005 20250626094835.0
035 _a(NLR Aleph) 011594552
090 _a10854533
_c10854533
100 _a20180115d2000 |||y0rusy50 ca
101 0 _arus
_afre
102 _aRU
105 _aa j 000 y
200 1 _aФранцузский язык
_e[учебник для студентов 1-2 курсов факультетов иностранных языков педагогических вузов]
_fТ. И. Лалова, Е. В. Белозерова, Е. А. Овчинникова
205 _a[2-е изд.]
210 _aМосква
_cМатерик Альфа
_d2000
215 _a336 с.
_cил.
_d21
300 _aНа обл. авт.: Т. И. Лалова
606 1 _aФранцузский язык
_jУчебные издания для высших учебных заведений
_91524672
_3RU\NLR\AUTH\66964829
686 1 _aШ147.11-93рус31
700 1 _aЛалова
_bТ. И.
_gТатьяна Ивановна
701 1 _aБелозерова
_bЕ. В.
701 1 _aОвчинникова
_bЕ. А.
_gЕкатерина Александровна
942 _cBOOK
980 _aNB